| 000 | 02945cam a2200493 i 4500 | ||
|---|---|---|---|
| 005 | 20260322212048.0 | ||
| 008 | data | ||
| 010 | _a 2014013207 | ||
| 020 | _a9781590178096 (paperback) | ||
| 020 | _a1590178092 | ||
| 040 |
_aDLC _beng _cDLC _erda _dDLC |
||
| 042 | _apcc | ||
| 043 | _ae-hu--- | ||
| 050 | 0 | 0 |
_aD640 _b.Z64 2014 |
| 082 | 0 | 0 |
_aB _aB _223 |
| 084 |
_aBIO026000 _aBIO006000 _aBIO026000 _2bisacsh |
||
| 092 | _a940.4 Z64 2014 | ||
| 100 | 1 |
_aZombory-Moldován, Béla, _d1885-1967. |
|
| 245 | 1 | 4 |
_aThe burning of the world : _ba memoir of 1914 / _cBéla Zombory-Moldován & Peter Zombory-Moldovan. |
| 260 |
_aNew York : _bThe New York Review of Books, _c2014. |
||
| 264 | 1 |
_aNew York : _bNew York Review Books, _c2014. |
|
| 300 |
_axxi, 155 pages : _billustrations, maps ; _c21 cm |
||
| 336 |
_atext _btxt _2rdacontent |
||
| 337 |
_aunmediated _bn _2rdamedia |
||
| 338 |
_avolume _bnc _2rdacarrier |
||
| 490 | 0 | _aNew York Review Books classics | |
| 520 | 2 |
_a"Publishing during the 100th Anniversary of World War I , an NYRB Classics Original. The budding young Hungarian artist Bela Zombory-Moldovan was abroad on vacation when World War I broke out in August 1914. Called up by the army, he soon found himself hundreds of miles away, advancing on Russian lines--or perhaps on his own lines--and facing relentless rifle and artillery fire. Badly wounded, he returned to normal life, which now struck him as unspeakably strange. He had witnessed, he realized, the end of a way of life, of a whole world. Recently discovered among private papers and published here for the first time in any language, this extraordinary reminiscence is a deeply moving addition to the literature of the terrible war that defined the shape of the twentieth century"-- _cProvided by publisher. |
|
| 600 | 1 | 0 |
_aZombory-Moldován, Béla, _d1885-1967. |
| 650 | 0 |
_aWorld War, 1914-1918 _vPersonal narratives, Hungarian. |
|
| 650 | 0 |
_aWorld War, 1914-1918 _xSocial aspects _zHungary. |
|
| 650 | 0 |
_aSoldiers _zHungary _vBiography. |
|
| 650 | 0 |
_aVeterans _zHungary _vBiography. |
|
| 650 | 0 |
_aArtists _zHungary _vBiography. |
|
| 650 | 7 |
_aBIOGRAPHY & AUTOBIOGRAPHY / Military. _2bisacsh |
|
| 650 | 7 |
_aBIOGRAPHY & AUTOBIOGRAPHY / Historical. _2bisacsh |
|
| 650 | 7 |
_aBIOGRAPHY & AUTOBIOGRAPHY / Personal Memoirs. _2bisacsh |
|
| 651 | 0 |
_aHungary _xHistory _y1867-1918 _vBiography. |
|
| 700 | 1 | _aZombory-Moldovan, Peter. | |
| 776 | 0 | 8 |
_iOnline version: _aZombory-Moldován, Béla, 1885-1967. _tBurning of the world _dNew York : New York Review Books, 2014 _z9781590178102 _w(DLC) 2014017711 |
| 906 |
_a7 _bcbc _corignew _d1 _eecip _f20 _gy-gencatlg |
||
| 925 | 0 |
_aacquire _b1 shelf copy _xSel/mm, 2014-08-15 |
|
| 955 |
_drf14 2014-05-02 telework; per publisher, there is no original in Hungarian; to Dewey _wxl03 2014-05-02 _frf10 2014-09-30 telework CIP ver. to CALM |
||
| 001 | data | ||
| 999 |
_c1128 _d1128 |
||